000 00492 a2200193 4500
005 20260204150258.0
008 260204b |||||||| |||| 00| 0 eng d
020 _a9798898486143
_c$ 140.00
040 _aMAIN
082 _a616.079
_bP345I
100 _aPeel, Hasting, ed.
245 _aImmunology: Principles and practice
260 _bcell publshing
_c2026
_aCasper
300 _a334
650 _aImmunology
650 _aMedical Education
650 _aDiseases
942 _cBK
999 _c394917
_d394917